000 00485nam a2200169Ia 4500
008 231019s9999||||xx |||||||||||||| ||und||
020 _a979-96055-2-0
040 _aID-SmMUS
084 _a128-0209 SYA Gov Bo.1
100 _aInu Kencana Syafi'ie
245 0 _aKepemimpinan Pemerintahan Indonesia
250 _aKe-4
260 _aBandung
_bRefika Aditama
_c2013
300 _ai-xi + 157 hlm
650 _aGovernment, Pemerintahan
_eG-O-V
_vKepemimpinan Pemerintahan
942 _cBK
_01
999 _c23617
_d23608